Instruments and measurements (Record no. 47113)

MARC details
000 -LEADER
fixed length control field 00602nam a2200169 a 4500
008 - FIXED-LENGTH DATA ELEMENTS--GENERAL INFORMATION
fixed length control field 120416s1961 ||||||||||||||||| || u
020 ## - INTERNATIONAL STANDARD BOOK NUMBER
International Standard Book Number 0127257020
050 ## - LIBRARY OF CONGRESS CALL NUMBER
Classification number QC 39 Int
100 ## - MAIN ENTRY--PERSONAL NAME
Personal name Von Koch, Helge
245 10 - TITLE STATEMENT
Title Instruments and measurements
246 ## - VARYING FORM OF TITLE
Title proper/short title chemical analysis, electric quantities, nucleonics and process control
260 ## - PUBLICATION, DISTRIBUTION, ETC.
Place of publication, distribution, etc. New York
Name of publisher, distributor, etc. Academic Press
Date of publication, distribution, etc. 1961
300 ## - PHYSICAL DESCRIPTION
Extent 2v. : ill
350 ## - PRICE (NR) (BK AM CF MU VM SE) [OBSOLETE]
Price 0.00
700 ## - ADDED ENTRY--PERSONAL NAME
Personal name Ljunberg, Gregory
995 ## - RECOMMENDATION 995 [LOCAL, UNIMARC FRANCE]
-- 0.00
-- CBU-MAIN LIBRARY (Kitwe)
-- 1
-- 17.75
-- DAMAGED
-- Main Library Open Access Collection
Holdings
Withdrawn status Lost status Source of classification or shelving scheme Damaged status Not for loan Home library Current library Shelving location Date acquired Total Checkouts Full call number Barcode Date last seen Price effective from Koha item type
          CBU-MAIN LIBRARY, KITWE. CBU-MAIN LIBRARY, KITWE.   11/30/2022   QC 39 Int 012144 11/30/2022 11/30/2022 MONOGRAPH